Analyzing and Implementing Network Infrastructure and Services for an International Insurance Company (Record no. 45728)
[ view plain ]
| 000 -LEADER | |
|---|---|
| fixed length control field | 00348nam a22001217a 4500 |
| 008 - FIXED-LENGTH DATA ELEMENTS--GENERAL INFORMATION | |
| fixed length control field | 180512b xxu||||| |||| 00| 0 eng d |
| 041 ## - LANGUAGE CODE | |
| Language code of text/sound track or separate title | eng |
| 080 ## - UNIVERSAL DECIMAL CLASSIFICATION NUMBER | |
| Universal Decimal Classification number | 043.3 |
| 100 ## - Rafti | |
| Rafti | 0 |
| 101 ## - Shkurtesa | |
| Shkurtesa | SHKI-BA |
| 245 ## - TITLE STATEMENT | |
| Title | Analyzing and Implementing Network Infrastructure and Services for an International Insurance Company |
| Statement of responsibility, etc | Hajrullahu,F |
| 942 ## - ADDED ENTRY ELEMENTS (KOHA) | |
| Source of classification or shelving scheme | |
| Item type | Books |
| Withdrawn status | Lost status | Source of classification or shelving scheme | Damaged status | Not for loan | Collection code | Permanent location | Current location | Shelving location | Date acquired | Total Checkouts | Full call number | Barcode | Date last seen | Price effective from | Koha item type |
|---|---|---|---|---|---|---|---|---|---|---|---|---|---|---|---|
| Koleksioni i përgjithshem | UBT - Lipjan | UBT - Lipjan | Disertacionet | 05/12/2018 | 043.3 Hajrullahu,F 2013 | 002-3004384 | 05/12/2018 | 05/12/2018 | Books | ||||||
| Koleksioni i përgjithshem | UBT - Lipjan | UBT - Lipjan | Disertacionet | 05/12/2018 | 043.3 Hajrullahu,F 2013 | 002-3004383 | 05/12/2018 | 05/12/2018 | Books | ||||||
| Koleksioni i përgjithshem | UBT - Lipjan | UBT - Lipjan | Disertacionet | 05/12/2018 | 043.3 Hajrullahu,F 2013 | 002-3004382 | 05/12/2018 | 05/12/2018 | Books | ||||||
| Koleksioni i përgjithshem | UBT - Lipjan | UBT - Lipjan | Disertacionet | 05/12/2018 | 043.3 Hajrullahu,F 2013 | 002-3004381 | 05/12/2018 | 05/12/2018 | Books |